'Uncredited' Buffy Characters Quiz Stats

 Plays Quiz Updated Feb 7, 2020

Support Sporcle.
Go Orange.
Score 0/40 Timer 10:00
3 Plays Today
Character % Correct
Joyce Summers
88.3%
Drusilla
87.8%
Jonathan Levinson
83.6%
Faith
83.4%
The Master
83.3%
Andrew Wells
82.4%
Warren Meers
81.4%
Glory
80.9%
Mayor Richard Wilkins
79.7%
Adam
78.1%
Harmony Kendall
75.1%
Darla
74.5%
Principal Snyder
70.8%
Professor Maggie Walsh
70.3%
Kennedy
67.3%
Jenny Calendar
66.7%
Wesley Wyndham-Pryce
61.1%
Ben
60.2%
Forrest Gates
59.5%
Principal Robin Wood
57.4%
Character % Correct
Amy Madison
56.1%
Mr. Trick
55.9%
Clem
53.5%
Caleb
53.5%
Vi
48.2%
Graham Miller
45.4%
Parker Abrams
42.4%
Hank Summers
40.8%
Halfrek/Cecily Addams
39.5%
Amanda
39.4%
Larry Blaisdell
36.6%
Rona
35.2%
Molly
33.4%
The Anointed One
33.3%
Willy the Snitch
31.7%
Percy West
27.6%
Devon MacLeish
25%
Chao-Ahn
21.1%
Jinx
21%
Murk
15.2%

From the Vault

Famous Fuzzy Faces

by gwukelic

Don't adjust your monitor, you'll just make this worse.
Remove Ads.
Support Sporcle.
Get the best of Sporcle when you Go Orange. This ad-free experience offers more features, more stats, and more fun while also helping to support Sporcle. Thank you for becoming a member.

Show Comments

Extras

Top Quizzes Today


Score Distribution

Your Account Isn't Verified!

In order to create a playlist on Sporcle, you need to verify the email address you used during registration. Go to your Sporcle Settings to finish the process.

Report this User

Report this user for behavior that violates our Community Guidelines.

Details: